Star Wars. Thrawn Ascendence. Menší zlo /
Pokračování příběhu Star Wars o tajemném národu Chissů.
Uloženo v:
| Série: | Star Wars - Thrawn Ascendence,
část 3 |
|---|---|
| Hlavní autor: | |
| Další autoři: | |
| Médium: | E-kniha |
| Jazyk: | Czech |
| Vydáno: |
V Praze :
Egmont,
2022
|
| Vydání: | První vydání |
| Témata: | |
| Příbuzné jednotky: | Přeloženo z:
Star Wars - Thrawn Ascendancy Z cyklu:: Star Wars - Thrawn Ascendence |
| Tagy: |
Žádné tagy |
| LEADER | 02760nam a2200553 i 4500 | ||
|---|---|---|---|
| 001 | 311645 | ||
| 003 | CZ PrSKC | ||
| 005 | 20260601215709.0 | ||
| 007 | ta | ||
| 008 | 220908s2022 xr d 000 f cze | ||
| 015 | |a cnb003445840 | ||
| 020 | |a 9788025251164 |q (brožováno) : |c Kč 499,00 | ||
| 035 | |a (OCoLC)1350559229 | ||
| 040 | |a ABG001 |b cze |e rda | ||
| 041 | 1 | |a cze |h eng | |
| 072 | 7 | |a 821.111(73)-3 |x Americká próza |2 Konspekt | |
| 072 | 7 | |a 821-93 |x Literatura pro děti a mládež (beletrie) |2 Konspekt | |
| 080 | |a 821.111(73)-31 |2 MRF | ||
| 080 | |a 821-93 |2 MRF | ||
| 080 | |a (0:82-311.9) |2 MRF | ||
| 100 | 1 | |a Zahn, Timothy, |d 1951- |7 jn20010310198 |4 aut | |
| 240 | 1 | 0 | |a Lesser evil. |l Česky |
| 245 | 1 | 0 | |a Star Wars. |p Thrawn Ascendence. |p Menší zlo / |c Timothy Zahn ; z anglického originálu Star Wars Thrawn. Ascendancy - Lesser evil ... přeložil Lubomír Šebesta |
| 246 | 3 | 0 | |a Thrawn Ascendence |
| 246 | 3 | 0 | |a Menší zlo |
| 250 | |a První vydání | ||
| 264 | 1 | |a V Praze : |b Egmont, |c 2022 | |
| 300 | |a 514 stran ; |c 21 cm | ||
| 336 | |a text |b txt |2 rdacontent | ||
| 337 | |a bez média |b n |2 rdamedia | ||
| 338 | |a svazek |b nc |2 rdacarrier | ||
| 520 | 2 | |a Pokračování příběhu Star Wars o tajemném národu Chissů. |b Ascendence je navzdory úsilí Expanzní obranné flotily stále blíže občanské válce. Thrawn ve snaze zajistit budoucnost Ascendence se ponoří hluboko do její minulosti a odhalí temná tajemství obklopující vzestup První vládnoucí rodiny. Pravda o rodinném dědictví je však tak mocná, jak mocná je legenda, která ji podporuje. I když se ukáže, že tato legenda je lež. Nakladatelská anotace. Kráceno. | |
| 521 | 8 | |a Pro čtenáře od 12 let | |
| 546 | |a Český text | ||
| 655 | 7 | |a americké romány |7 fd131796 |2 czenas | |
| 655 | 7 | |a vědecko-fantastické romány |7 fd133847 |2 czenas | |
| 655 | 7 | |a publikace pro mládež |7 fd133157 |2 czenas | |
| 655 | 9 | |a American fiction |2 eczenas | |
| 655 | 9 | |a science fiction novels |2 eczenas | |
| 655 | 9 | |a juvenile literature |2 eczenas | |
| 700 | 1 | |a Šebesta, Lubomír |7 xx0084760 |4 trl | |
| 765 | 0 | |t Star Wars - Thrawn Ascendancy | |
| 787 | 0 | 8 | |i Z cyklu: |t Star Wars - Thrawn Ascendence |g 3 |
| 900 | |a ABA001 |b 21 | ||
| 928 | 9 | |a Albatros Media - Egmont | |
| 044 | |a xr | ||
| 910 | |a RBIT002 | ||
| 998 | |d 358827 |a https://core.palmknihy.cz/api/books/358827/cover?si80o8 |b https://core.palmknihy.cz/api/books/358827/cover/400?si80o8 |c https://core.palmknihy.cz/api/books/358827/cover/50?si80o8 |e 2026-12-31 |g 520 |i 9788025251164 |j https://core.palmknihy.cz/api/books/358827/preview.epub |k https://core.palmknihy.cz/api/books/358827/preview.pdf |l |q 49 |r 1 |s https://www.palmknihy.cz/kniha/358827 |t ebook |y 2022 |z 0 |v Star Wars - Thrawn Ascendence |w 3 | ||
| 999 | |d 311643 | ||